000 00696nam a2200217 i 4500
001 124382
003 ES-MaACL
005 20251009173353.0
007 t|
008 070322s1926 sp ||||1| spa d
100 1 _aMargoliouth, D. S.
_976631
245 1 0 _aIslamismo /
_cpor D.S. Margoliouth ; traducido de la 3ª ed. inglesa por Carlos Riba.
260 _aBarcelona :
_bLabor,
_c1926.
300 _a181 p., col y n., lám., map. :
_bil. ;
_c17 cm.
490 1 _aColección Labor ;
_v38
650 7 _aIslamismo
_2embne
_913903
700 1 _aRiba, Carles,
_d1893-1959
_996698
830 0 0 _aColección Labor
_v38
_9184254
852 _aES-MaACL
_jE-2585
999 _c124382
_d124382